Normal view
MARC view
Entry Topical Term
001 - CONTROL NUMBER
- control field: 5110
003 - CONTROL NUMBER IDENTIFIER
- control field: Ke-BoTe
005 - DATE AND TIME OF LATEST TRANSACTION
- control field: 20220512124025.0
008 - FIXED-LENGTH DATA ELEMENTS
- fixed length control field: 220512|| aca||aabn | a|a d
040 ## - CATALOGING SOURCE
- Original cataloging agency: Ke-BoTe
- Transcribing agency: Ke-BoTe
150 ## - HEADING--TOPICAL TERM
- Topical term or geographic name entry element: Contact dermatitis
670 ## - SOURCE DATA FOUND
- Source citation: Work cat.: (Ke-BoTe)2550: Fregert, Sigfrid Sigfrid Fregert . 5109, Manual of contact dermatitis /, c1918
